00719cam a22003014i 4500003000900000005001700009008004100026035001900067040003300086082002000119100002800139245008000167264000500247336002100252337002500273338002300298526001000321526001000331526001000341526001000351526000800361526000800369526000800377526000800385526000800393526000800401526000800409PE-LiUPU20250731173250.0150625s r 000 0 d a(Sirsi) a35561 aPE-LiUPUbspacPE-LiUPUerda04a282.09bR752211 aKnowles, M. D.,eautor.10aNueva historia de la iglesia: La iglesia en la edad media /cM. D. Knowles. 1a atext2rdacontent aunmediated2rdamedia avolume2rdacarrier aSEG42 aSEG41 aSEG40 aSEG39 aP94 aP87 aP86 aP85 aP77 aP76 aP35